000 005550000a22001810004500
003 MACL
005 20160405134128.0
008 160405b xxu||||| |||| 00| 0 eng d
040 _aMACL
_cMACL
041 _aHindi
082 _a400
100 _aआशा अययर कनुप्रिया
_950562
245 _aहिन्‍दी शिक्षण कैसे करें
260 _aदिल्‍ली
_bजाहन्‍वी प्रकाशन
_c2011
350 _a250
650 _aLanguage
_950563
942 _cHIN
_k400
_2ddc
999 _c48923
_d48923